[Event "Hamar CC-ch"]
[Site "Hamar"]
[Date "2020.02.21"]
[Round "4"]
[White "Nilsen, Thomas"]
[Black "Storli, Frode"]
[Result "1-0"]
[WhiteElo "1689"]
[BlackElo "1570"]
[PlyCount "49"]
[EventDate "2020.01.02"]
[EventType "swiss"]
[EventRounds "5"]
[EventCountry "NOR"]
[SourceTitle "EXT 2024"]
[Source "ChessBase"]
[SourceDate "2023.10.10"]
[SourceVersion "1"]
[SourceVersionDate "2023.10.10"]
[SourceQuality "1"]

1. d4 d5 2. c4 e5 3. dxe5 d4 4. Nf3 Nc6 5. a3 f6 6. exf6 Qxf6 7. g3 h6 8. Bg2 Be6 9. Nbd2 g5 10. 0-0 0-0-0 11. b4 g4 12. Ne4 Qf7 13. Nfd2 Bg7 14. Bb2 Nge7 15. Rc1 b6 16. c5 Kb8 17. cxb6 cxb6 18. Qa4 Bd5 19. b5 Na5 20. Bxd4 Bxe4 21. Bxg7 Bxg2 22. Be5+ Ka8 23. Kxg2 Qd5+ 24. Qe4 Qxe4+ 25. Nxe4 1-0

[Event "Hamar Ridabu School A"]
[Site "Hamar"]
[Date "2019.11.21"]
[Round "6"]
[White "Madagov, Ibragim"]
[Black "Nilsen, Thomas"]
[Result "1-0"]
[WhiteElo "1557"]
[BlackElo "1718"]
[PlyCount "51"]
[EventDate "2019.09.05"]
[EventType "swiss"]
[EventRounds "7"]
[EventCountry "NOR"]
[SourceTitle "EXT 2024"]
[Source "ChessBase"]
[SourceDate "2023.10.10"]
[SourceVersion "1"]
[SourceVersionDate "2023.10.10"]
[SourceQuality "1"]

1. e4 c5 2. Nf3 d6 3. d4 cxd4 4. Nxd4 Nf6 5. Nc3 g6 6. Be3 Bg7 7. Bc4 0-0 8. f3 Bd7 9. Qd2 Nc6 10. g4 Rc8 11. Bb3 a6 12. h4 Nxd4 13. Bxd4 Bc6 14. h5 e6 15. hxg6 hxg6 16. Qh2 Re8 17. Be3 b5 18. Bh6 Bh8 19. 0-0-0 a5 20. Bg5 Bg7 21. e5 a4 22. Rxd6 Qxd6 23. exd6 axb3 24. axb3 Red8 25. Qh4 Rxd6 26. Bxf6 1-0

[Event "Hamar Ridabu School A"]
[Site "Hamar"]
[Date "2019.10.17"]
[Round "4"]
[White "Nilsen, Thomas"]
[Black "Storli, Frode"]
[Result "1/2-1/2"]
[WhiteElo "1718"]
[BlackElo "1577"]
[PlyCount "54"]
[EventDate "2019.09.05"]
[EventType "swiss"]
[EventRounds "7"]
[EventCountry "NOR"]
[SourceTitle "EXT 2024"]
[Source "ChessBase"]
[SourceDate "2023.10.10"]
[SourceVersion "1"]
[SourceVersionDate "2023.10.10"]
[SourceQuality "1"]

1. d4 Nf6 2. c4 e5 3. dxe5 Ng4 4. Nf3 Nc6 5. Nc3 Ngxe5 6. e3 d6 7. Be2 Be7 8. 0-0 Bf5 9. Nd4 Bd7 10. a3 Bf6 11. b4 0-0 12. Bb2 a6 13. Nd5 Nxd4 14. Bxd4 Be7 15. Nxe7+ Qxe7 16. c5 Bc6 17. f4 Nd7 18. cxd6 Qxd6 19. Bf3 Rfe8 20. Rc1 Bxf3 21. Qxf3 c6 22. Rcd1 Qe7 23. Rfe1 Rad8 24. Qg4 Nf6 25. Qg5 h6 26. Qg3 Nh5 27. Qf3 Nf6 1/2-1/2

[Event "Hamar CC-ch A"]
[Site "Hamar"]
[Date "2019.02.21"]
[Round "1"]
[White "Soberg, Trond"]
[Black "Nilsen, Thomas"]
[Result "0-1"]
[WhiteElo "1251"]
[BlackElo "1687"]
[PlyCount "66"]
[EventDate "2019.02.21"]
[EventType "swiss"]
[EventRounds "9"]
[EventCountry "NOR"]
[SourceTitle "EXT 2024"]
[Source "ChessBase"]
[SourceDate "2023.10.10"]
[SourceVersion "1"]
[SourceVersionDate "2023.10.10"]
[SourceQuality "1"]

1. e4 c5 2. Nf3 d6 3. Bc4 Nf6 4. d3 Nc6 5. c3 Bg4 6. Bf4 e5 7. Bg3 Be7 8. Nbd2 0-0 9. 0-0 a6 10. a3 b5 11. Bb3 Qd7 12. Qc1 Nh5 13. Bd5 Rac8 14. Bxc6 Qxc6 15. Bxe5 Bxf3 16. Nxf3 dxe5 17. Nxe5 Qd6 18. f4 Nf6 19. Qe3 Rfd8 20. Rad1 Nd7 21. Nxd7 Qxd7 22. f5 f6 23. Rf4 Bd6 24. Rg4 Be5 25. Qh3 Qf7 26. Rh4 h6 27. Qg4 Kf8 28. Rh3 a5 29. Qe2 b4 30. d4 cxd4 31. cxd4 Rxd4 32. Rxd4 Bxd4+ 33. Kh1 Rc1+ 0-1

[Event "Hamar op A"]
[Site "Hamar"]
[Date "2018.10.04"]
[Round "3"]
[White "Nilsen, Thomas"]
[Black "Kristiansen, Ole Jakob"]
[Result "0-1"]
[WhiteElo "1710"]
[BlackElo "1977"]
[PlyCount "74"]
[EventDate "2018.09.06"]
[EventType "swiss"]
[EventRounds "7"]
[EventCountry "NOR"]
[SourceTitle "EXT 2024"]
[Source "ChessBase"]
[SourceDate "2023.10.10"]
[SourceVersion "1"]
[SourceVersionDate "2023.10.10"]
[SourceQuality "1"]

1. d4 g6 2. c4 Bg7 3. e4 c5 4. Nf3 cxd4 5. Nxd4 Nc6 6. Nxc6 bxc6 7. Be2 d6 8. 0-0 Nf6 9. Nc3 0-0 10. h3 Qa5 11. Bd2 Qb6 12. Rb1 Bb7 13. b4 Rfd8 14. Be3 Qc7 15. Qc2 a6 16. a4 d5 17. exd5 cxd5 18. Bc5 d4 19. Na2 Ne4 20. Bd3 Nxc5 21. bxc5 Rab8 22. Rb6 Ba8 23. Rfb1 Rbc8 24. Rxa6 Qxc5 25. Rab6 Qg5 26. Bf1 d3 27. Qb3 Be5 28. Rb5 d2 29. Nc3 Qf4 30. Rxe5 Qxe5 31. Rd1 Rb8 32. Qc2 Qd4 33. Nb5 Qf4 34. Qc3 Rbc8 35. Qe3 Qxe3 36. fxe3 Be4 37. Kf2 Bc2 0-1

[Event "Hamar CC-ch A"]
[Site "Hamar"]
[Date "2018.05.03"]
[Round "9"]
[White "Nilsen, Thomas"]
[Black "Opseth, Oliver"]
[Result "1-0"]
[WhiteElo "1698"]
[BlackElo "1761"]
[PlyCount "55"]
[EventDate "2018.01.04"]
[EventType "swiss"]
[EventRounds "9"]
[EventCountry "NOR"]
[SourceTitle "EXT 2024"]
[Source "ChessBase"]
[SourceDate "2023.10.10"]
[SourceVersion "1"]
[SourceVersionDate "2023.10.10"]
[SourceQuality "1"]

1. d4 Nf6 2. c4 g6 3. Nc3 Bg7 4. e4 d6 5. f4 0-0 6. Nf3 Nbd7 7. Be2 Re8 8. e5 dxe5 9. fxe5 Ng4 10. 0-0 c5 11. Bf4 cxd4 12. Qxd4 Ndxe5 13. Qxd8 Rxd8 14. Rad1 Bf5 15. Nd5 Rd7 16. Nxe5 Nxe5 17. Bxe5 Bxe5 18. Rxf5 gxf5 19. Nf6+ Bxf6 20. Rxd7 e6 21. Bh5 Rf8 22. Rxb7 Bd4+ 23. Kf1 f6 24. b4 e5 25. c5 a5 26. c6 Ra8 27. c7 axb4 28. Rb8+ 1-0

[Event "Hamar CC-ch A"]
[Site "Hamar"]
[Date "2018.03.01"]
[Round "5"]
[White "Slettmoen, Markus"]
[Black "Nilsen, Thomas"]
[Result "0-1"]
[WhiteElo "1708"]
[BlackElo "1698"]
[PlyCount "102"]
[EventDate "2018.01.04"]
[EventType "swiss"]
[EventRounds "9"]
[EventCountry "NOR"]
[SourceTitle "EXT 2024"]
[Source "ChessBase"]
[SourceDate "2023.10.10"]
[SourceVersion "1"]
[SourceVersionDate "2023.10.10"]
[SourceQuality "1"]

1. d4 Nf6 2. Nf3 b6 3. c4 Bb7 4. Nc3 e6 5. Bg5 Be7 6. e3 0-0 7. Bd3 d5 8. cxd5 Nxd5 9. Nxd5 exd5 10. Bxe7 Qxe7 11. Ne5 Nd7 12. Nxd7 Qxd7 13. Rc1 h6 14. h4 f5 15. Rh3 Rae8 16. Qc2 c5 17. Kf1 f4 18. exf4 Rxf4 19. dxc5 bxc5 20. Qxc5 Rc8 21. Qe3 Rcf8 22. Rc2 d4 23. Qe5 Qg4 24. f3 Bxf3 25. Rxf3 Rxf3+ 26. gxf3 Qxf3+ 27. Kg1 Qxd3 28. Rg2 Qf1+ 29. Kh2 Qf6 30. Qxf6 Rxf6 31. Rd2 Rd6 32. Kg3 Kf7 33. Kf4 Kf6 34. Ke4 g5 35. hxg5+ hxg5 36. Rf2+ Kg6 37. Kd3 g4 38. Rf8 Kg5 39. Ke4 d3 40. Rf5+ Kh4 41. Rf1 d2 42. Rd1 Kg3 43. Ke3 Kh2 44. b4 g3 45. a4 g2 46. Kf2 Rf6+ 47. Ke2 Rf1 48. Rxd2 g1Q 49. Kd3+ Kh3 50. Kc4 Rf4+ 51. Kc3 Qc1+ 0-1

[Event "Hamar CC-ch A"]
[Site "Hamar"]
[Date "2018.01.18"]
[Round "2"]
[White "Nilsen, Thomas"]
[Black "Haukenes, Elias"]
[Result "1-0"]
[WhiteElo "1698"]
[BlackElo "1290"]
[PlyCount "45"]
[EventDate "2018.01.04"]
[EventType "swiss"]
[EventRounds "9"]
[EventCountry "NOR"]
[SourceTitle "EXT 2024"]
[Source "ChessBase"]
[SourceDate "2023.10.10"]
[SourceVersion "1"]
[SourceVersionDate "2023.10.10"]
[SourceQuality "1"]

1. d4 d5 2. c4 c6 3. Nc3 Nf6 4. Nf3 Bf5 5. Bg5 e6 6. e3 Be7 7. Bd3 Bxd3 8. Qxd3 Nbd7 9. 0-0 0-0 10. Rfe1 Nb6 11. b3 Qc7 12. Rac1 Rac8 13. Bf4 Qd7 14. c5 Na8 15. b4 Nc7 16. a4 b6 17. Ne5 Qe8 18. Rb1 a5 19. cxb6 axb4 20. Na2 Na6 21. b7 Rd8 22. Qxa6 Bd6 23. Nxb4 1-0

[Event "Hamar op A"]
[Site "Hamar"]
[Date "2016.10.06"]
[Round "3"]
[White "Nilsen, Thomas"]
[Black "Ulekleiv, Jan Ivar"]
[Result "1-0"]
[WhiteElo "1605"]
[BlackElo "1663"]
[PlyCount "95"]
[EventDate "2016.09.01"]
[EventType "swiss"]
[EventRounds "7"]
[EventCountry "NOR"]
[SourceTitle "EXT 2024"]
[Source "ChessBase"]
[SourceDate "2023.10.10"]
[SourceVersion "1"]
[SourceVersionDate "2023.10.10"]
[SourceQuality "1"]

1. d4 Nf6 2. Nf3 g6 3. c4 Bg7 4. Nc3 d5 5. cxd5 Nxd5 6. e4 Nxc3 7. bxc3 c5 8. Be3 0-0 9. Be2 Nc6 10. 0-0 cxd4 11. cxd4 Bg4 12. d5 Bxf3 13. Bxf3 Ne5 14. Be2 Qa5 15. f4 Qc3 16. Bf2 Nd7 17. Rc1 Qa5 18. Qb3 b6 19. Be1 Nc5 20. Qc2 Qa4 21. Qxa4 Nxa4 22. Bb4 Bd4+ 23. Kh1 Nc5 24. Rc4 Bg7 25. Bxc5 bxc5 26. Rxc5 Rfc8 27. Rc6 Rxc6 28. dxc6 Rc8 29. Rc1 Bd4 30. Ba6 Rc7 31. g3 f6 32. Bc4+ Kf8 33. Be6 h6 34. Kg2 Kg7 35. Kf3 h5 36. Ke2 Kf8 37. Kd3 Bb6 38. h3 Bf2 39. g4 h4 40. Bd7 Bb6 41. Kc4 e6 42. Kb5 Ke7 43. a4 e5 44. fxe5 fxe5 45. a5 Bd4 46. Kc4 Be3 47. Rb1 Kd6 48. Rb8 1-0

[Event "Hamar Ridabu School-ch A"]
[Site "Hamar"]
[Date "2016.05.12"]
[Round "9"]
[White "Slettmoen, Markus"]
[Black "Nilsen, Thomas"]
[Result "0-1"]
[WhiteElo "1483"]
[BlackElo "1505"]
[PlyCount "106"]
[EventDate "2016.01.07"]
[EventType "swiss"]
[EventRounds "9"]
[EventCountry "NOR"]
[SourceTitle "EXT 2024"]
[Source "ChessBase"]
[SourceDate "2023.10.10"]
[SourceVersion "1"]
[SourceVersionDate "2023.10.10"]
[SourceQuality "1"]

1. d4 Nf6 2. Nf3 e6 3. g3 d5 4. Bg2 c5 5. c3 Nc6 6. Bf4 Bd6 7. Bxd6 Qxd6 8. e3 0-0 9. 0-0 e5 10. dxe5 Nxe5 11. Nxe5 Qxe5 12. Nd2 Bg4 13. Nf3 Qh5 14. Qe2 Nd7 15. h3 Bxh3 16. Bxh3 Qxh3 17. Qb5 b6 18. Rad1 Nf6 19. Qa4 Rfe8 20. Qh4 Qf5 21. Ne1 Re4 22. Qh1 Rae8 23. Qf3 Qg5 24. Ng2 h5 25. Rd2 h4 26. Rfd1 hxg3 27. Qxg3 Qxg3 28. fxg3 Ng4 29. Rxd5 Nxe3 30. Nxe3 Rxe3 31. R5d3 Rxd3 32. Rxd3 Re2 33. Rd8+ Kh7 34. Rd7 f5 35. Rxa7 Rxb2 36. Ra6 g6 37. a4 Rb3 38. Kg2 Kh6 39. Kf2 Kg5 40. a5 bxa5 41. Rxa5 Rxc3 42. Ke2 Kg4 43. Kd2 Rxg3 44. Rxc5 g5 45. Ke2 f4 46. Kf2 Ra3 47. Rc8 Ra2+ 48. Kf1 Kg3 49. Rc3+ f3 50. Rc1 Rh2 51. Ke1 Rh1+ 52. Kd2 Rxc1 53. Kxc1 f2 0-1

[Event "Hamar Ridabu School-ch A"]
[Site "Hamar"]
[Date "2016.04.21"]
[Round "8"]
[White "Nilsen, Thomas"]
[Black "Ormasen, Odd Steinar"]
[Result "1-0"]
[WhiteElo "1505"]
[BlackElo "1588"]
[PlyCount "89"]
[EventDate "2016.01.07"]
[EventType "swiss"]
[EventRounds "9"]
[EventCountry "NOR"]
[SourceTitle "EXT 2024"]
[Source "ChessBase"]
[SourceDate "2023.10.10"]
[SourceVersion "1"]
[SourceVersionDate "2023.10.10"]
[SourceQuality "1"]

1. d4 d5 2. Nf3 Nf6 3. c4 c6 4. Nc3 e6 5. Bg5 Be7 6. e3 Nbd7 7. Bd3 dxc4 8. Bxc4 Nb6 9. Bd3 c5 10. 0-0 0-0 11. Rc1 cxd4 12. exd4 a6 13. Bb1 Nbd5 14. Qe2 Nxc3 15. bxc3 b5 16. Bxf6 gxf6 17. Qe4 f5 18. Qxa8 Qc7 19. Be4 fxe4 20. Qxe4 Bb7 21. Qe5 Bd6 22. Qg5+ Kh8 23. Qf6+ Kg8 24. Ne5 Be7 25. Qh6 f6 26. Ng4 Bd5 27. Ne3 Bxa2 28. Ra1 Bb3 29. Rxa6 Qxc3 30. Ra7 Rf7 31. Ra8+ Bf8 32. Qh4 Qc6 33. Rfa1 Ba4 34. Rb8 Qc7 35. Qg4+ Kh8 36. Qxe6 Qxb8 37. Qxf7 Qd8 38. Rc1 Qe7 39. Qxe7 Bxe7 40. Rc8+ Kg7 41. Nf5+ Kf7 42. Rc7 Ke6 43. Nxe7 b4 44. Rb7 b3 45. Ng8 1-0

[Event "Hamar op A"]
[Site "Hamar"]
[Date "2015.09.03"]
[Round "1"]
[White "Engli, Knut"]
[Black "Nilsen, Thomas"]
[Result "1-0"]
[WhiteElo "1723"]
[BlackElo "1508"]
[PlyCount "99"]
[EventDate "2015.09.03"]
[EventType "swiss"]
[EventRounds "7"]
[EventCountry "NOR"]
[SourceTitle "EXT 2024"]
[Source "ChessBase"]
[SourceDate "2023.10.10"]
[SourceVersion "1"]
[SourceVersionDate "2023.10.10"]
[SourceQuality "1"]

1. e4 c6 2. d4 d5 3. Nc3 dxe4 4. Nxe4 Bf5 5. Ng5 Nf6 6. Bc4 e6 7. Ne2 Be7 8. 0-0 0-0 9. Ng3 Nd5 10. N5e4 Bg6 11. a3 Nd7 12. Bb3 b5 13. c3 a6 14. f4 N5f6 15. Ng5 Nd5 16. Nf3 N5f6 17. Ne5 Nxe5 18. fxe5 Ne4 19. Ne2 c5 20. Nf4 Bf5 21. d5 c4 22. Bc2 Bc5+ 23. Kh1 Nf2+ 24. Rxf2 Bxf2 25. Bxf5 exf5 26. Qe2 Bh4 27. Be3 Bg5 28. Rd1 Bxf4 29. Bxf4 Qh4 30. Rd4 Qg4 31. Qd2 Qg6 32. d6 Rad8 33. d7 h6 34. Rd6 Qg4 35. h3 Qh4 36. Bxh6 gxh6 37. Rxh6 Qg3 38. Qd6 Qg7 39. Rf6 Qg5 40. Qd4 Kh7 41. Qd5 Kg7 42. Qd4 Rh8 43. Qd5 Qc1+ 44. Kh2 Qf4+ 45. Kg1 Rhf8 46. Rxa6 Qe3+ 47. Kh2 f4 48. Qd6 Rh8 49. Qf6+ Kh7 50. Qxf7# 1-0

[Event "Hamar Ridabu School-ch"]
[Site "Hamar"]
[Date "2015.01.22"]
[Round "2"]
[White "Nilsen, Thomas"]
[Black "Bakken, Svein Arne"]
[Result "1/2-1/2"]
[WhiteElo "1484"]
[BlackElo "1338"]
[PlyCount "88"]
[EventDate "2015.01.08"]
[EventType "swiss"]
[EventRounds "9"]
[EventCountry "NOR"]
[SourceTitle "EXT 2024"]
[Source "ChessBase"]
[SourceDate "2023.10.10"]
[SourceVersion "1"]
[SourceVersionDate "2023.10.10"]
[SourceQuality "1"]

1. d4 Nf6 2. Nf3 d5 3. c4 g6 4. Nc3 Bg7 5. cxd5 Nxd5 6. e4 Nxc3 7. bxc3 c5 8. Bb5+ Bd7 9. Bxd7+ Qxd7 10. 0-0 0-0 11. Be3 cxd4 12. cxd4 Nc6 13. Rc1 b6 14. d5 Ne5 15. Nxe5 Bxe5 16. f4 Bg7 17. Qf3 f5 18. e5 Rac8 19. Rc6 Rxc6 20. dxc6 Qc7 21. Qd5+ Kh8 22. Rd1 h5 23. Qd7 Rc8 24. Qxc7 Rxc7 25. Rd7 Rxc6 26. Rxe7 a6 27. Rb7 b5 28. Rb6 Rxb6 29. Bxb6 Kg8 30. Kf2 Kf7 31. Ke3 Ke6 32. Kd4 Bh6 33. g3 h4 34. Bd8 hxg3 35. hxg3 Bf8 36. Ba5 Ba3 37. Bd2 Be7 38. Ba5 Ba3 39. Bd8 Bb4 40. Bb6 Be1 41. Kd3 Bxg3 42. Be3 Kd5 43. Bd2 Bh4 44. Bc3 Be7 1/2-1/2

[Event "Hamar op A"]
[Site "Hamar"]
[Date "2014.10.16"]
[Round "5"]
[White "Nilsen, Thomas"]
[Black "Kristiansen, Ole Jakob"]
[Result "0-1"]
[WhiteElo "1539"]
[BlackElo "1749"]
[PlyCount "70"]
[EventDate "2014.09.04"]
[EventType "tourn"]
[EventRounds "9"]
[EventCountry "NOR"]
[SourceTitle "EXT 2024"]
[Source "ChessBase"]
[SourceDate "2023.10.10"]
[SourceVersion "1"]
[SourceVersionDate "2023.10.10"]
[SourceQuality "1"]

1. d4 Nf6 2. Nf3 c5 3. e3 e6 4. c4 Be7 5. Nc3 0-0 6. Bd3 b6 7. b3 Bb7 8. Bb2 cxd4 9. exd4 d6 10. 0-0 Nbd7 11. Bc2 Re8 12. Re1 Nf8 13. Nd2 d5 14. Nf3 dxc4 15. bxc4 Bxf3 16. gxf3 Qc7 17. Bd3 Red8 18. Ne4 Nh5 19. Ng3 Nf4 20. Bf1 Bf6 21. Re4 Rd7 22. Bc1 N4g6 23. Nh5 Be7 24. Bb2 Rad8 25. Rc1 Nh4 26. Ng3 f5 27. Re1 Qf4 28. Bg2 Qg5 29. f4 Qxf4 30. Rc2 Qg5 31. f3 Bc5 32. Rd2 Bb4 33. Rde2 Bxe1 34. Qxe1 f4 35. Bc1 Rxd4 0-1

[Event "Hamar op"]
[Site "Hamar"]
[Date "2013.12.05"]
[Round "7"]
[White "Reigstad, Erlend"]
[Black "Nilsen, Thomas"]
[Result "0-1"]
[WhiteElo "844"]
[BlackElo "1535"]
[PlyCount "86"]
[EventDate "2013.08.29"]
[EventType "swiss"]
[EventRounds "7"]
[EventCountry "NOR"]
[SourceTitle "EXT 2024"]
[Source "ChessBase"]
[SourceDate "2023.10.10"]
[SourceVersion "1"]
[SourceVersionDate "2023.10.10"]
[SourceQuality "1"]

1. e4 c6 2. Nf3 d5 3. exd5 cxd5 4. Bb5+ Bd7 5. Bxd7+ Nxd7 6. 0-0 Ngf6 7. d4 e6 8. Nc3 Bd6 9. Re1 0-0 10. Ne5 a6 11. Bg5 Qc7 12. Qe2 Rac8 13. Rad1 Bb4 14. Nxd7 Nxd7 15. Rd3 Rfe8 16. Re3 Qa5 17. Qf3 Bxc3 18. Rxc3 Rxc3 19. Qxc3 Qxc3 20. bxc3 Rc8 21. Rb1 b5 22. Rb3 Rc4 23. Ra3 Rc6 24. Be7 f6 25. f4 Kf7 26. Bb4 Kg6 27. g3 Kf5 28. Kf2 Ke4 29. Bc5 Nxc5 30. dxc5 e5 31. fxe5 fxe5 32. Ke2 g5 33. h3 h5 34. Rb3 Rxc5 35. Rb4+ Rc4 36. Rxc4+ bxc4 37. a3 d4 38. cxd4 exd4 39. g4 hxg4 40. hxg4 Kf4 41. Kf2 Kxg4 42. Kg2 d3 43. Kf2 dxc2 0-1

[Event "Hamar op"]
[Site "Hamar"]
[Date "2013.09.19"]
[Round "2"]
[White "Nilsen, Thomas"]
[Black "Ormasen, Odd Steinar"]
[Result "0-1"]
[WhiteElo "1535"]
[BlackElo "1714"]
[PlyCount "76"]
[EventDate "2013.08.29"]
[EventType "swiss"]
[EventRounds "7"]
[EventCountry "NOR"]
[SourceTitle "EXT 2024"]
[Source "ChessBase"]
[SourceDate "2023.10.10"]
[SourceVersion "1"]
[SourceVersionDate "2023.10.10"]
[SourceQuality "1"]

1. d4 Nf6 2. Nf3 b6 3. c4 e6 4. Bg5 h6 5. Bh4 Bb4+ 6. Nc3 0-0 7. a3 Bxc3+ 8. bxc3 d6 9. e3 Nbd7 10. Bd3 Bb7 11. Qc2 e5 12. e4 Re8 13. Nd2 g5 14. Bg3 exd4 15. cxd4 Nxe4 16. Nxe4 f5 17. f3 fxe4 18. fxe4 Bxe4 19. 0-0 Bxd3 20. Qxd3 Qe7 21. Rf2 Qe4 22. Qd1 Qe3 23. Kh1 Re4 24. Rd2 Rf8 25. Raa2 Qc3 26. c5 bxc5 27. dxc5 Nxc5 28. Kg1 Qc4 29. h3 Re3 30. Bf2 Rc3 31. Qh5 Rc1+ 32. Kh2 Kh7 33. Re2 Qf7 34. Qg4 Rc4 35. Qg3 Ne4 36. Qd3 d5 37. Bd4 Qf4+ 38. Kg1 Rc1+ 0-1

[Event "Hamar op"]
[Site "Hamar"]
[Date "2013.08.29"]
[Round "1"]
[White "Orsleie, Sivert Nikolai"]
[Black "Nilsen, Thomas"]
[Result "0-1"]
[WhiteElo "884"]
[BlackElo "1535"]
[PlyCount "52"]
[EventDate "2013.08.29"]
[EventType "swiss"]
[EventRounds "7"]
[EventCountry "NOR"]
[SourceTitle "EXT 2024"]
[Source "ChessBase"]
[SourceDate "2023.10.10"]
[SourceVersion "1"]
[SourceVersionDate "2023.10.10"]
[SourceQuality "1"]

1. d4 Nf6 2. e3 d5 3. c4 e6 4. Nc3 Bb4 5. Bd2 0-0 6. a3 Bxc3 7. Bxc3 b6 8. Nf3 Bb7 9. Bd3 Nbd7 10. 0-0 c5 11. Re1 Rc8 12. b4 dxc4 13. Bxc4 cxd4 14. Bb5 dxc3 15. Bxd7 Qxd7 16. Qxd7 Nxd7 17. Nd4 a6 18. Rac1 Rc7 19. h3 g6 20. Re2 e5 21. Nb3 f5 22. Rec2 Rfc8 23. f4 Bd5 24. Rb1 Be4 25. Rxc3 Rxc3 26. Rb2 Rc2 0-1

[Event "Hamar-ch A playoff"]
[Site "Hamar"]
[Date "2012.12.08"]
[Round "3"]
[White "Rodvik, Trym Daniel"]
[Black "Nilsen, Thomas"]
[Result "1-0"]
[WhiteElo "1819"]
[BlackElo "1541"]
[PlyCount "67"]
[EventDate "2012.12.08"]
[EventType "tourn (rapid)"]
[EventRounds "3"]
[EventCountry "NOR"]
[SourceTitle "EXT 2024"]
[Source "ChessBase"]
[SourceDate "2023.10.10"]
[SourceVersion "1"]
[SourceVersionDate "2023.10.10"]
[SourceQuality "1"]

1. e4 c6 2. d4 d5 3. e5 Bf5 4. h4 h6 5. g4 Bh7 6. h5 e6 7. f4 Nd7 8. Bd3 Bxd3 9. Qxd3 c5 10. c3 c4 11. Qc2 Ne7 12. Nf3 Qb6 13. Be3 0-0-0 14. Nbd2 Kb8 15. Kf2 Nc6 16. b3 cxb3 17. axb3 Rc8 18. Rhb1 Be7 19. c4 g5 20. c5 Qd8 21. b4 gxf4 22. Bxf4 Bg5 23. Bxg5 hxg5 24. b5 Ne7 25. Qa4 Rc7 26. Qxa7+ Kc8 27. b6 Rc6 28. Nb3 Nb8 29. Na5 Qd7 30. Qxb7+ Qxb7 31. Nxb7 Kd7 32. Nd6 Rh7 33. Ra7+ Kd8 34. Nxg5 1-0